Os violadores do bloqueio (Registo nº 1762)
[ vista simples ]
| 000 -Etiqueta do registo | |
|---|---|
| Cabeçalho | 00885nam a22002891 4500 |
| 005 - Identificador da versão | |
| Campo de controlo | 20240813121915.0 |
| 095 ## - | |
| -- | PTBN00108532 |
| 021 ## - Número do Depósito Legal | |
| Código do país | PT |
| Número | 15839/87 |
| 100 ## - Dados gerais de processamento | |
| Dados gerais de processamento | 20070504d1987 em y0pory5003 ba |
| 102 ## - Pais de publicação ou produção | |
| País de publicação | Portugal |
| 101 1# - Língua de publicação | |
| Língua do texto, banda sonora, etc. | Português |
| Língua do documento no original | Francês |
| 105 ## - Campo de dados codificados: livros | |
| Dados codificados dos livros | a t 000zy |
| 215 ## - Descrição física | |
| Indicação específica da natureza do documento e extensão da espécie | 40 p. |
| Outras indicações físicas | todo il. |
| Dimensões | 29 cm |
| 200 1# - Titulo e menção de responsabilidade | |
| Título próprio | Os violadores do bloqueio |
| Informação de outro título | e outras histórias |
| Primeira menção de responsabilidade | il. Caprioli |
| Outras menções de responsabilidade | trad. Jorge Magalhães |
| -- | de Júlio Verne |
| 225 2# - Colecção | |
| Título próprio da colecção | Aventuras |
| Indicação de volume | 8 |
| 210 ## - Publicação, Distribuição, etc. | |
| Lugar da edição, distribuição, etc. | Lisboa |
| Nome do editor, distribuidor, etc. | Futura |
| Data da publicação, distribuição, etc. | cop. 1987 |
| 606 ## - Nome comum usado como assunto | |
| Número de registo de entrada de autoridade | 0000255 |
| Palavra de ordem | Literatura estrangeira juvenil |
| Subdivisão de assunto | Banda desenhada |
| 675 ## - Classificação Decimal Universal (CDU) | |
| Notação | 82-9 |
| Edição | 2ª |
| Língua da edição | por |
| 702 #1 - Nome de autor-pessoa física (responsabilidade secundária) | |
| Número de registo de entrada de autoridade | 0000257 |
| Palavra de ordem | Magalhães |
| Outra parte do nome não tomada para palavra de ordem | Jorge |
| Código de função | Tradutor |
| Número de registo de entrada de autoridade | 0000258 |
| Palavra de ordem | Verne |
| Outra parte do nome não tomada para palavra de ordem | Júlio |
| Datas | 1828-1905 |
| Código de função | Antecedente bibliográfico |
| 700 #1 - Nome de autor-pessoa física (responsabilidade principal) | |
| Número de registo de entrada de autoridade | 0000256 |
| Palavra de ordem | Caprioli |
| Outra parte do nome não tomada para palavra de ordem | Franco |
| Datas | 1913- |
| 942 ## - Elementos de entrada adicionados (Koha) | |
| Tipo de item no Koha | Livro |
| Situação do levantamento | Origin of item (home branch) (coded) | Biblioteca de empréstimo | Código de barras | Cota | Circulation type (not for loan) | Tipo de documento | Nota do exemplar | Damaged status |
|---|---|---|---|---|---|---|---|---|
| Biblioteca Escolar da Coca Maravilhas | Biblioteca Escolar da Coca Maravilhas | BECM89/90 | 8BD CAP | Livro | Sem mensagem |
